When God shows up : (Record no. 2654)

MARC details
000 -LEADER
fixed length control field 00905cam a2200265 a 4500
001 - CONTROL NUMBER
control field 1199748
003 - CONTROL NUMBER IDENTIFIER
control field GBCCL
005 - DATE AND TIME OF LATEST TRANSACTION
control field 20241126110435.0
008 - FIXED-LENGTH DATA ELEMENTS--GENERAL INFORMATION
fixed length control field 980724r19981995cau 000 0 eng
010 ## -
-- 98038665
020 ## - INTERNATIONAL STANDARD BOOK NUMBER
International Standard Book Number 0830723404 (pbk.)
040 ## - CATALOGING SOURCE
Original cataloging agency DLC
Transcribing agency DLC
Modifying agency DLC
050 00 -
-- BV4501.2
-- .K4289 1998
082 00 - DEWEY DECIMAL CLASSIFICATION NUMBER
Classification number 248.4
Edition information 21
Item number KEN
100 1# - MAIN ENTRY--PERSONAL NAME
Personal name Kendall, R. T.,
Dates associated with a name 1935-
9 (RLIN) 5598
240 10 -
-- Ready for God?
245 10 - TITLE STATEMENT
Title When God shows up :
Remainder of title staying ready for the unexpected /
Statement of responsibility, etc. R.T. Kendall.
260 ## - PUBLICATION, DISTRIBUTION, ETC.
Place of publication, distribution, etc. Ventura, Calif. :
Name of publisher, distributor, etc. Renew,
Date of publication, distribution, etc. c1998.
300 ## - PHYSICAL DESCRIPTION
Extent 155 p. ;
Dimensions 22 cm.
500 ## - GENERAL NOTE
General note Originally published: Ready for God? London : Scripture Union, 1995.
650 #0 - SUBJECT ADDED ENTRY--TOPICAL TERM
Topical term or geographic name entry element Spiritual life
General subdivision Christianity.
9 (RLIN) 549
906 ## - LOCAL DATA ELEMENT F, LDF (RLIN)
a 7
b cbc
c orignew
d 1
e ocip
f 19
g y-gencatlg
942 ## - ADDED ENTRY ELEMENTS (KOHA)
Source of classification or shelving scheme Dewey Decimal Classification
Koha item type Books
Holdings
Withdrawn status Lost status Source of classification or shelving scheme Damaged status Not for loan Home library Current Library Shelving location Date acquired Total checkouts Full call number Barcode Date last seen Copy number Price effective from Koha item type
    Dewey Decimal Classification     GRACE BIBLE COLLEGE GRACE BIBLE COLLEGE Ministry & Mission 2017-09-11   248.4 KEN 010984 2025-05-01 c.6 2017-09-11 Books
    Dewey Decimal Classification     GRACE BIBLE COLLEGE GRACE BIBLE COLLEGE Ministry & Mission 2017-09-11   248.4 KEN 010985 2025-05-01 c.7 2017-09-11 Books
    Dewey Decimal Classification     GRACE BIBLE COLLEGE GRACE BIBLE COLLEGE Ministry & Mission 2017-09-11   248.4 KEN 010986 2025-05-01 c.8 2017-09-11 Books
    Dewey Decimal Classification     GRACE BIBLE COLLEGE GRACE BIBLE COLLEGE Ministry & Mission 2017-09-11   248.4 KEN 010987 2025-05-01 c.9 2017-09-11 Books
    Dewey Decimal Classification     GRACE BIBLE COLLEGE GRACE BIBLE COLLEGE Ministry & Mission 2017-10-10   248.4 KEN 010979 2025-05-01 c.1 2017-10-10 Books
    Dewey Decimal Classification     GRACE BIBLE COLLEGE GRACE BIBLE COLLEGE Ministry & Mission 2017-10-10   248.4 KEN 010980 2025-05-01 c.2 2017-10-10 Books
    Dewey Decimal Classification     GRACE BIBLE COLLEGE GRACE BIBLE COLLEGE Ministry & Mission 2017-10-10   248.4 KEN 010981 2025-05-01 c.3 2017-10-10 Books
    Dewey Decimal Classification     GRACE BIBLE COLLEGE GRACE BIBLE COLLEGE Ministry & Mission 2017-10-10   248.4 KEN 010982 2025-05-01 c.4 2017-10-10 Books
    Dewey Decimal Classification     GRACE BIBLE COLLEGE GRACE BIBLE COLLEGE Ministry & Mission 2017-10-10   248.4 KEN 010983 2025-05-01 c.5 2017-10-10 Books
© Grace Bible College Library 2025